[Event "Valencia Region-ch Primera"]
[Site "Valencia"]
[Date "2016.11.05"]
[Round "5"]
[White "Nieves Pamplona, Juan Miguel"]
[Black "Garcia Peinado, Borja"]
[Result "1-0"]
[WhiteElo "1500"]
[BlackElo "1768"]
[PlyCount "96"]
[EventDate "2016.10.01"]
[EventType "swiss"]
[EventRounds "7"]
[EventCountry "ESP"]
[SourceTitle "EXT 2024"]
[Source "ChessBase"]
[SourceDate "2023.10.10"]
[SourceVersion "1"]
[SourceVersionDate "2023.10.10"]
[SourceQuality "1"]

1. c4 g6 2. Nc3 Bg7 3. e4 d6 4. g3 Nf6 5. Bg2 c6 6. Nge2 0-0 7. 0-0 Nbd7 8. d4 e5 9. Bg5 Qb6 10. Qd2 exd4 11. Nxd4 Nxe4 12. Nxe4 Qxd4 13. Qxd4 Bxd4 14. Nxd6 f6 15. Bh6 Rd8 16. Nxc8 Raxc8 17. Bh3 Rc7 18. Rad1 Ne5 19. Kg2 Kf7 20. Bf4 Re7 21. Be3 c5 22. b3 Nc6 23. Rd2 Bxe3 24. Rxd8 Nxd8 25. fxe3 Nc6 26. Kf2 Nb4 27. Ke2 Nc2 28. e4 f5 29. Kd2 Nd4 30. Bg2 Kg7 31. Re1 fxe4 32. Bxe4 Kf6 33. Kc3 Kg5 34. a3 b6 35. b4 Kg4 36. Bf3+ Nxf3 37. Rxe7 cxb4+ 38. axb4 h5 39. c5 bxc5 40. bxc5 Kf5 41. Rf7+ Ke4 42. Rxf3 Kxf3 43. c6 Kg2 44. c7 Kxh2 45. c8Q Kxg3 46. Qg8 h4 47. Qxg6+ Kh2 48. Qg4 h3 1-0

[Event "Quart de Poblet op 2nd"]
[Site "Quart de Poblet"]
[Date "2014.07.25"]
[Round "5"]
[White "Plaza Agudo, Juan Francisco"]
[Black "Garcia Peinado, Borja"]
[Result "1-0"]
[WhiteElo "2064"]
[BlackElo "1788"]
[PlyCount "55"]
[EventDate "2014.07.19"]
[EventType "swiss"]
[EventRounds "7"]
[EventCountry "ESP"]
[SourceTitle "CBM 161 Extra"]
[Source "ChessBase"]
[SourceDate "2014.08.29"]
[SourceVersion "1"]
[SourceVersionDate "2014.08.29"]
[SourceQuality "1"]

1. c4 g6 2. Nc3 Bg7 3. g3 e5 4. Bg2 c6 5. d3 Nf6 6. e4 d6 7. Nge2 0-0 8. 0-0 Be6 9. h3 h5 10. Bg5 Qc8 11. Kh2 Re8 12. Qd2 Nbd7 13. f4 exf4 14. gxf4 Nh7 15. f5 Bxf5 16. exf5 Nxg5 17. Qxg5 Ne5 18. f6 Bf8 19. Be4 d5 20. cxd5 cxd5 21. Bxd5 Bd6 22. Nf4 Kh7 23. Bxf7 Rg8 24. Bxg8+ Qxg8 25. Ne4 Bc7 26. Kh1 Qe8 27. f7 Qc6 28. Rac1 1-0

[Event "Burjassot Provincial-ch Primera"]
[Site "Burjassot"]
[Date "2011.11.26"]
[Round "7.8"]
[White "Garcia Peinado, Borja"]
[Black "Del Rosario Hervas, Enrique Mar"]
[Result "1-0"]
[WhiteElo "1727"]
[BlackElo "1621"]
[PlyCount "131"]
[EventDate "2011.10.01"]
[EventType "swiss"]
[EventRounds "7"]
[EventCountry "ESP"]
[SourceTitle "EXT 2024"]
[Source "ChessBase"]
[SourceDate "2023.10.10"]
[SourceVersion "1"]
[SourceVersionDate "2023.10.10"]
[SourceQuality "1"]

1. c4 Nf6 2. Nc3 e5 3. g3 d6 4. Bg2 Nc6 5. e3 Be7 6. Nge2 0-0 7. 0-0 Be6 8. d3 Qc8 9. a3 Bh3 10. b4 Bxg2 11. Kxg2 a6 12. Bb2 Qd7 13. Qb3 Qf5 14. Rad1 h5 15. e4 Qe6 16. Nd5 Bd8 17. f4 Ng4 18. h3 Nf6 19. f5 Qd7 20. Bc1 Nxd5 21. cxd5 Nb8 22. Qb2 Bf6 23. g4 hxg4 24. hxg4 g5 25. Ng3 Qe7 26. Nh5 Nd7 27. Qd2 c5 28. Nxf6+ Qxf6 29. Qxg5+ Qxg5 30. Bxg5 f6 31. Bd2 Kf7 32. Rh1 Rg8 33. Kf3 Rg7 34. Rh5 Rag8 35. Rg1 b6 36. Rh4 Rc8 37. Rc1 b5 38. Be3 c4 39. dxc4 bxc4 40. Rh2 c3 41. Rcc2 Rcg8 42. Rh4 Rc8 43. Bf2 Nf8 44. Be1 Kg8 45. Rxc3 Rxc3+ 46. Bxc3 Rc7 47. Bd2 Rc2 48. Ke2 Ra2 49. Rh3 Nd7 50. Rg3 Nb6 51. Kd1 Nc4 52. Bc1 Rh2 53. g5 Rh1+ 54. Kc2 fxg5 55. Bxg5 Kf7 56. Rc3 Rh2+ 57. Kb3 Nb6 58. Rc6 Rh3+ 59. Ka2 Rh2+ 60. Kb1 Rh1+ 61. Bc1 Na4 62. Kc2 Rh3 63. Rxa6 Nc3 64. Rxd6 Nxe4 65. Re6 Nf2 66. Rxe5 1-0